| 000 -ლიდერი |
| ფიქსირებული სიგრძის საკონტროლო ველი |
01170nam a2200277Ia 4500 |
| 001 - საკონტროლო ნომერი |
| საკონტროლო ველი |
7089 |
| 003 - საკონტროლო ნომრის იდენტიფიკატორი |
| საკონტროლო ველი |
GE_BSU |
| 005 - ბოლო ოპერაციის თარიღი და დრო |
| საკონტროლო ველი |
20231106120151.0 |
| 008 - ფიქსირებული სიგრძის მონაცემთა ელემენტები - ზოგადი ინფორმაცია |
| ფიქსირებული სიგრძის საკონტროლო ველი |
181216s2008||||ge |||||||||||||| ||geo|| |
| 020 ## - წიგნის საერთაშორისო სტანდარტული ნომერი |
| International Standard Book Number |
9789994054008 |
| 040 ## - კატალოგიზაციის წყარო |
| Transcribing agency |
GE_BSU |
| 041 ## - ენის კოდი |
| Language code of text/sound track or separate title |
geo |
| 080 ## - უნივერსალური ათობითი კლასიფიკაციის ინდექსი |
| Universal Decimal Classification number |
821.111-31 |
| 100 ## - მთავარი ჩანაწერი - პიროვნების სახელი |
| Personal name |
ბრონტე, ემილი |
| 9 (RLIN) |
20285 |
| 245 ## - ცნობა სათაურის შესახებ |
| Title |
ქარიშხლიანი უღელტეხილი : |
| Remainder of title |
რომანი / |
| Statement of responsibility, etc |
ემილი ბრონტე ; ინგლ. თარგმნა ასმათ ლეკიაშვილმა ; რედ. გიორგი დარასელია ; მხატვ. ნანა ჭილაძე. |
| 260 ## - გამოქვეყნების, გავრცელების, და სხვა. ცნობები |
| Place of publication, distribution, etc |
თბილისი. |
| 260 ## - გამოქვეყნების, გავრცელების, და სხვა. ცნობები |
| Name of publisher, distributor, etc |
არტე. |
| 260 ## - გამოქვეყნების, გავრცელების, და სხვა. ცნობები |
| Date of publication, distribution, etc |
2008. |
| 300 ## - ფიზიკური აღწერა |
| Extent |
498 გვ. ; |
| Dimensions |
17 სმ. |
| 653 ## - INDEX TERM--UNCONTROLLED |
| Uncontrolled term |
რომანი |
| 653 ## - INDEX TERM--UNCONTROLLED |
| Uncontrolled term |
ქარიშხლიანი უღელტეხილი |
| 700 ## - ADDED ENTRY--PERSONAL NAME |
| Personal name |
ლეკიაშვილი, ასმათ |
| Relator term |
მთარგმნელი |
| 9 (RLIN) |
19401 |
| 700 ## - ADDED ENTRY--PERSONAL NAME |
| Personal name |
დარასელია, გიორგი |
| Relator term |
რედატორი |
| 9 (RLIN) |
20286 |
| 942 ## - ADDED ENTRY ELEMENTS (KOHA) |
| Koha item type |
წიგნი |
| Source of classification or shelving scheme |
|